Holiday Quiz

Random Holiday or Logic Quiz

'Give Thanks' Holiday Mind-Teaser Quiz Stats

 Plays Quiz not verified by Sporcle

Score 0/10 Timer 09:00
3 Plays Today
Letter Holiday % Correct
V???
90.8%
T???
87%
I???
84.4%
N???
77.5%
K???
68.8%
G???
67.9%
A???
62.6%
H???
61.4%
S???
61.3%
E???
60.1%

You're not logged in!

Compare scores with friends on all Sporcle quizzes.
OR
Log In

Show Comments

Extras

Top Quizzes Today


Score Distribution

Your Account Isn't Verified!

In order to create a playlist on Sporcle, you need to verify the email address you used during registration. Go to your Sporcle Settings to finish the process.

Report this User

Report this user for behavior that violates our Community Guidelines.

Details: